000 00381nam a22001337a 4500
082 _a954
_bBAL
100 _aBalfour, Edward
_950366
245 _aThe Cyclopedia of India
_band of eastern and southern Asia
_cBalfour, Edward
260 _aLondon
_bBernard quaritch
_c1885
300 _a1120.p:
526 _a0
_b0
_c0
_d954_000000000000000_BAL
650 _aMCE
_9379
942 _2ddc
_cBK
999 _c553095
_d553095